01016nam a2200253 a 450000100100000000500170001000800410002704000250006808200200009310000310011324500870014426000490023130000360028049000120031659000260032865000280035465000310038270000330041383000190044691000380046595201240050395201180062799900170074500001029820240412074216.0091006s1983 dr a r 001 p spa d aDO-SdBNPbspacBNPHU aRD861.44bH671q1 aHirujo H., Apolinar92531310aQue siempre soltero sea :bdécimas /cApolinar Hirujo H. ; prólogo Jorge Sosa. aSanto Domingo :bImpresos de Calidad,c1983. a115 p. :bil., retrs. ;c21 cm.1 aLlanera aInventariado, 2018/BT 0aPoesía dominicana966 0aLiteratura dominicana.96712aSosa, Jorge,epról.925314 0aLlanera925315 aValidado. Control de calidad. MFF 0010718PDaPDbPDcHDd2009-10-06iLF1l0oRD861.44 H671qp10298-10r2020-06-25te. 2w2020-06-25yLFPDZNo se presta 0010718PDaPDbPDcHDd2009-10-06iLF1l0oRD861.44 H671qp10298-20r2020-06-25w2020-06-25yLFPDZNo se presta c10057d10057